| 000 | 00482nam a2200205Ia 4500 | ||
|---|---|---|---|
| 001 | 110176 | ||
| 003 | YMCAF | ||
| 005 | 20230512162412.0 | ||
| 008 | 100717s2002 ||||||||||||||||| ||und|d | ||
| 024 | _a110176 | ||
| 035 | _aWB1163 | ||
| 040 |
_aYMCAF _beng _cIN-KoLT |
||
| 041 | _aeng | ||
| 082 |
_a629.83 _bSCH |
||
| 100 | _aSchaft, Arjan Van Der | ||
| 245 | 0 | _aL2-Gain And Passivity Tech. in Nonlinear control | |
| 260 |
_bSpringer _c2002 |
||
| 300 | _a248 | ||
| 942 |
_2ddc _cBK |
||
| 999 |
_c11765 _d11765 |
||